000 00940nam a2200241 a 4500
001 000635158
003 AM-YeHGA
005 20250617140609.0
008 090223s1984 ||||| |||||||||||||rus|c
040 _aAM-YeHGA
041 1 _arus
_hfre
100 1 _aПассерон, Роже
245 1 0 _aДомье :
_bСвидетель своей эпохи : Монография /
_cРоже Пассерон ; Пер. с фр. Т.А. Савицкой и А.И. Смелянского.
246 1 5 _aDaumier :
_bTemoin de son Temps
260 _aМосква :
_bИзобраз. искусство,
_c1984.
300 _a296 с. :
_bил.
440 0 _aСвидетель своей эпохи
600 1 4 _aДомье, Оноре
650 1 4 _aРисование и прикладное искусство
700 1 _aСавицкая, Т.А
_eпер.
_4trl
700 1 _aСмелянский, А.И.
_eпер.
_4trl
090 _c224370
999 _c222835
_d222835